000 00899nam a2200265Ia 4500
003 GCL
005 20240530095326.0
008 140319s9999 xx 000 0 ara d
020 _a2455679977
040 _aGCL /
_cGCL
082 0 4 _a303.45
_bع م
100 1 _aعلى حسن كمارا
245 1 0 _aمشكلات الغزو الفكرى فى غرب افريقيا /
_cعلى حسن كمارا
250 _aالاولى
260 _aالقاهرة :
_bالنهار للطبع والنشر ،
_c2002
300 _a112 ص ؛
_c20 سم
650 0 4 _aالثقافة الاسلامية
650 0 4 _aالسلوك الاجتماعى
650 0 4 _aالفساد الاجتماعى
650 0 4 _aغرب افريقيا
650 0 4 _aالغزو الفكرى
650 0 4 _aالفساد الفكرى
650 0 4 _aغرب افريقيا - الاحوال الاجتماعية
942 _2ddc
_cBK
999 _c6169
_d6169